<?xml version="1.0" encoding="UTF-8"?>
<record
    xmlns:xsi="http://www.w3.org/2001/XMLSchema-instance"
    xsi:schemaLocation="http://www.loc.gov/MARC21/slim http://www.loc.gov/standards/marcxml/schema/MARC21slim.xsd"
    xmlns="http://www.loc.gov/MARC21/slim">

  <leader>00741nam2a2200205   4500</leader>
  <controlfield tag="001">RU\NLR\PER_B\2472895_1995_85</controlfield>
  <controlfield tag="005">20250625112212.0</controlfield>
  <datafield tag="035" ind1=" " ind2=" ">
    <subfield code="a">(NLR Aleph) 022076295</subfield>
  </datafield>
  <datafield tag="090" ind1=" " ind2=" ">
    <subfield code="a">12675543</subfield>
    <subfield code="c">12675543</subfield>
  </datafield>
  <datafield tag="100" ind1=" " ind2=" ">
    <subfield code="a">20231117d1995    |||y0rusy50      ca</subfield>
  </datafield>
  <datafield tag="101" ind1="0" ind2=" ">
    <subfield code="a">rus</subfield>
  </datafield>
  <datafield tag="102" ind1=" " ind2=" ">
    <subfield code="a">RU</subfield>
  </datafield>
  <datafield tag="200" ind1="0" ind2=" ">
    <subfield code="a">&#x2116; 85</subfield>
  </datafield>
  <datafield tag="210" ind1=" " ind2=" ">
    <subfield code="d">1995</subfield>
    <subfield code="a">&#x411;. &#x43C;.</subfield>
  </datafield>
  <datafield tag="461" ind1=" " ind2="0">
    <subfield code="1">001RU\NLR\INFOCOMM5\1000333894</subfield>
    <subfield code="1">2001#$a&#x41B;&#x430;&#x437;&#x435;&#x440;-&#x438;&#x43D;&#x444;&#x43E;&#x440;&#x43C;$e&#x418;&#x43D;&#x444;&#x43E;&#x440;&#x43C;. &#x431;&#x44E;&#x43B;. &#x41B;&#x430;&#x437;&#x435;&#x440;. &#x430;&#x441;&#x441;&#x43E;&#x446;. &#x421;&#x421;&#x421;&#x420;$v&#x2116; 85</subfield>
    <subfield code="9">2354050</subfield>
    <subfield code="c">&#x41C;.</subfield>
    <subfield code="d">1991-</subfield>
    <subfield code="n">&#x41E;&#x431;-&#x43D;&#x438;&#x435; "&#x418;&#x41D;&#x41E;&#x422;&#x415;&#x425;-&#x41F;&#x440;&#x43E;&#x433;&#x440;&#x435;&#x441;&#x441;"</subfield>
    <subfield code="o">&#x418;&#x43D;&#x444;&#x43E;&#x440;&#x43C;. &#x431;&#x44E;&#x43B;. &#x41B;&#x430;&#x437;&#x435;&#x440;. &#x430;&#x441;&#x441;&#x43E;&#x446;. &#x421;&#x421;&#x421;&#x420;</subfield>
    <subfield code="t">&#x41B;&#x430;&#x437;&#x435;&#x440;-&#x438;&#x43D;&#x444;&#x43E;&#x440;&#x43C;</subfield>
    <subfield code="v">&#x2116; 85</subfield>
  </datafield>
  <datafield tag="852" ind1=" " ind2=" ">
    <subfield code="a">NLR</subfield>
    <subfield code="j">&#x41F;11/3514</subfield>
  </datafield>
  <datafield tag="942" ind1=" " ind2=" ">
    <subfield code="c">ISSUE</subfield>
  </datafield>
  <datafield tag="980" ind1=" " ind2=" ">
    <subfield code="a">NB</subfield>
  </datafield>
  <datafield tag="980" ind1=" " ind2=" ">
    <subfield code="a">RUSPER</subfield>
  </datafield>
</record>
